Differential cryptanalysis of the data encryption standard (Record no. 23967)

000 -LEADER
fixed length control field 00204nam a22000617a 4500
003 - CONTROL NUMBER IDENTIFIER
control field Nust
005 - DATE AND TIME OF LATEST TRANSACTION
control field 20170307163307.0
008 - FIXED-LENGTH DATA ELEMENTS--GENERAL INFORMATION
fixed length control field 140429b xxu||||| |||| 00| 0 eng d
020 ## - INTERNATIONAL STANDARD BOOK NUMBER
International Standard Book Number 0387979301
040 ## - CATALOGING SOURCE
Original cataloging agency DLC
Language of cataloging DLC
Transcribing agency RCMS
082 ## - DEWEY DECIMAL CLASSIFICATION NUMBER
Classification number 005.82 BIH
100 ## - MAIN ENTRY--PERSONAL NAME
Personal name Biham,Eli & Shamir,Adi
245 ## - TITLE STATEMENT
Title Differential cryptanalysis of the data encryption standard
260 ## - PUBLICATION, DISTRIBUTION, ETC.
Place of publication, distribution, etc. New York
Name of publisher, distributor, etc. Springer- verlag
Date of publication, distribution, etc. c1993
300 ## - PHYSICAL DESCRIPTION
Extent ix,188,p
Other physical details ill:
Dimensions 25,cm.
650 ## - SUBJECT ADDED ENTRY--TOPICAL TERM
Topical term or geographic name entry element 1.Computer -Access Control 2.Cryptography
856 ## - ELECTRONIC LOCATION AND ACCESS
Materials specified Table of content only
942 ## - ADDED ENTRY ELEMENTS (KOHA)
Source of classification or shelving scheme
Koha item type Book
Holdings
Withdrawn status Lost status Source of classification or shelving scheme Damaged status Not for loan Permanent Location Current Location Shelving location Date acquired Full call number Barcode Date last seen Price effective from Koha item type
          NUST Baluchistan Campus (NBC) NUST Baluchistan Campus (NBC) General Stacks 04/29/2014 005.82BIH RCMS000391 04/29/2014 04/29/2014 Book
          NUST Baluchistan Campus (NBC) NUST Baluchistan Campus (NBC) General Stacks 04/29/2014 005.82BIH RCMS000392 04/29/2014 04/29/2014 Book
© 2023 Central Library, National University of Sciences and Technology. All Rights Reserved.